Mechanisms of fire ignition and extinguishment : sixteenth quarterly progress report covering the period 1 May 1963 to 31 July 1963 /

Bibliographic Details
Main Author: Creitz, E. C.
Corporate Author: United States. National Bureau of Standards
Format: Government Document Book
Language:English
Published: Gaithersburg, MD : U.S. Dept. of Commerce, National Institute of Standards and Technology, 1963.
Series:NBS report ; 8079.
Subjects:
Online Access:https://purl.fdlp.gov/GPO/gpo96262

MARC

Tag First Indicator Second Indicator Subfields
LEADER 00000cam a2200000Ia 4500
001 in00004062421
005 20211120102259.0
008 161006s1963 mdu ob f000 0 eng d
024 8 |a GOVPUB-C13-2eb4a7676ef4ea63eba5038e16d66e0a 
035 |a (OCoLC)ocn959982458 
040 |a NBS  |b eng  |e rda  |c NBS  |d OCLCO  |d OCLCF  |d OCLCQ  |d MvI 
049 |a WWW 
074 |a 9999 (online) 
086 0 |a C 13.38:8079 
100 1 |a Creitz, E. C. 
245 1 0 |a Mechanisms of fire ignition and extinguishment :  |b sixteenth quarterly progress report covering the period 1 May 1963 to 31 July 1963 /  |c E.C. Creitz. 
264 1 |a Gaithersburg, MD :  |b U.S. Dept. of Commerce, National Institute of Standards and Technology,  |c 1963. 
300 |a 1 online resource. 
336 |a text  |b txt  |2 rdacontent 
337 |a computer  |b c  |2 rdamedia 
338 |a online resource  |b cr  |2 rdacarrier 
490 1 |a NBS report ;  |v 8079 
500 |a 1963. 
500 |a Contributed record: Metadata reviewed, not verified. Some fields updated by batch processes. 
500 |a Title from PDF title page. 
504 |a Includes bibliographical references. 
650 0 |a Fire extinguishing agents  |x Testing. 
650 7 |a Fire extinguishing agents  |x Testing.  |2 fast  |0 (OCoLC)fst00925378 
700 1 |a Creitz, E. C. 
710 1 |a United States.  |b National Bureau of Standards. 
830 0 |a NBS report ;  |v 8079. 
856 4 0 |u https://purl.fdlp.gov/GPO/gpo96262  |t 0 
999 f f |s dc45e66a-d63b-32fa-8be2-acd07a28a731  |i d93cfe2b-4f6a-3498-a4d8-61f3431f9a17  |t 0 
952 f f |a Texas A&M University  |b College Station  |c Electronic Resources  |d Available Online  |t 0  |e C 13.38:8079  |h Superintendent of Documents classification 
998 f f |a C 13.38:8079  |t 0  |l Available Online